000 00308 a2200145 4500
001 155016
040 _cEscola São Tomás de Aquino
100 _aTHOMPSON, Lesley
240 1 0 _aDeep Trouble
_lpor
245 1 0 _aDeep Trouble
300 _a44
362 0 _a2008
697 _aLíngua inglesa
942 _cBK
999 _c155016
_d155016